| 000 | 00764nam a2200241Ia 4500 | ||
|---|---|---|---|
| 003 | OSt | ||
| 005 | 20220926005425.0 | ||
| 006 | a|||||r|||| 00| 0 | ||
| 007 | ta | ||
| 008 | 220923b |||||||| |||| 00| 0 eng d | ||
| 037 | _cGeneral Book | ||
| 040 |
_aRTL _cRTL _beng |
||
| 041 |
_2eng _aeng |
||
| 082 | _aX9(J451).277.N40<--M34, N0 | ||
| 100 |
_aSiddique Muhammed Abu B _9310283 |
||
| 245 | 0 | _aEvolution of land grants and labour policy of government | |
| 260 |
_a New Delhi _bSouth Asian Publishers India _c1990 |
||
| 300 |
_ax,206p _ccm. |
||
| 500 | _aBib p. 194-202 | ||
| 650 |
_aAgriculture Industry - Tea _9245402 |
||
| 942 |
_hX9(J451).277.N40<--M34, N0 _cGB _2CC |
||
| 999 |
_c613803 _d613803 |
||